| 000 | 01608nac a22003851u 4500 | ||
|---|---|---|---|
| 999 |
_c2626 _d2626 |
||
| 003 | EG-ScBUE | ||
| 005 | 20210318101857.0 | ||
| 008 | 200219t2005 nyua f b 000 d eng d | ||
| 020 | _a0553212818 | ||
| 020 | _a9780553212815 | ||
| 040 |
_aEG-ScBUE _beng _erda _cEG-ScBUE _dEG-ScBUE |
||
| 082 | 0 | 4 |
_a822.33 _bSHE _222 |
| 100 | 1 |
_aShakespeare, William, _d1564-1616, _eauthor. |
|
| 245 | 1 | 0 |
_aFour comedies / _cWilliam Shakespeare ; edited by David Bevington and David Scott Kastan, |
| 264 | 1 |
_aNew York : _bBantam Books, _c[2005] |
|
| 264 | 1 | _cc2005 | |
| 300 |
_axxvii, 713 pages : _billustrations ; _c18 cm. |
||
| 336 |
_2rdacontent _atext _btxt |
||
| 337 |
_2rdamedia _aunmediated _bn |
||
| 338 |
_2rdacarrier _avolume _bnc |
||
| 490 | 0 | _aBantam classics | |
| 500 | _a"Bantam edition, with newly edited text and substantially revised, edited, and amplified notes, introductions, and other materials"--T.p. verso. | ||
| 504 | _aIncludes bibliographical references. | ||
| 505 | 0 | _aThe taming of the shrew -- A midsummer night's dream -- The merchant of Venice -- Twelfth night. | |
| 650 | 7 |
_aHumorous plays. _2BUEsh |
|
| 650 | 7 |
_aEnglish drama (Comedy) _y16th century. _2BUEsh |
|
| 651 | _2BUEsh | ||
| 653 |
_bHHUUEENN _cMarch2021 |
||
| 655 |
_vReading book _934232 |
||
| 700 | 1 |
_aBevington, David M., _eeditor. |
|
| 700 | 1 |
_aKastan, David Scott, _eeditor. |
|
| 856 | 4 | 2 |
_3Contributor biographical information _uhttp://www.loc.gov/catdir/bios/random051/87024122.html |
| 856 | 4 | 2 |
_3Publisher description _uhttp://www.loc.gov/catdir/description/random049/87024122.html |
| 942 |
_cBB _k822.33S5272 _2ddc |
||